000 00565cam a2200217ua 4500
001 20377
008 191226n II |||gr||||Z||||||asm
040 _aMAIN
041 _aEnglish
041 _aasm
082 _a371.33 CHA
100 _aCHALIHA, BEDA KR.
245 _aSNATAK MAHALAR SIKHYA DANAR KAUSHAL ARU PADHATI (For 5th Semester-10th Paper)
250 _a3RD.
260 _aJORHAT:
_bBIDYA BHAWAN.,
_c2014.
300 _a313:
_c20CM.
653 _aEducational Technology
700 _aSAIKIA, TARUN.
700 _aSAIKIA, RUNU BORAH.
942 _cBK
999 _c20239
_d20239